000 00296nam a2200145Ia 4500
100 _aBRANSON/RICHARD
650 _aGeneral
942 _cBK
366 _f20
245 _aSCREW IT LETS DO IT
260 _bAMEY PRAKASHAN
_aPune
_c2010
082 _a920/BRA
300 _a84
546 _aENGLISH
999 _c24589
_d24589